000 00237nam a22001097a 4500
008 170116b xxu||||| |||| 00| 0 eng d
020 _a9781556483257
041 _aeng
080 _a618.2
245 _aicd-9-cm
_cBROWN, F
942 _2udc
_cBK
999 _c2924
_d2924